[Event "Lakitelek Magyarok op"]
[Site "Lakitelek"]
[Date "2011.08.09"]
[Round "5"]
[White "Valis, Janos"]
[Black "Takacs, Emeric"]
[Result "1-0"]
[WhiteElo "2068"]
[BlackElo "1853"]
[PlyCount "65"]
[EventDate "2011.08.06"]
[EventType "swiss"]
[EventRounds "9"]
[EventCountry "HUN"]
[SourceTitle "CBM 144 Extra"]
[Source "ChessBase"]
[SourceDate "2011.10.28"]
[SourceVersion "1"]
[SourceVersionDate "2011.10.28"]
[SourceQuality "1"]

1. e4 c6 2. d3 d5 3. Nd2 dxe4 4. dxe4 Nf6 5. Bc4 Bg4 6. Ngf3 e6 7. 0-0 Be7 8. Qe2 0-0 9. Rd1 Qc7 10. Nf1 Nbd7 11. Bg5 Ne5 12. Bb3 Bxf3 13. gxf3 Ned7 14. f4 Rfe8 15. c4 h6 16. Bxf6 Nxf6 17. e5 Nh7 18. Rd3 Rad8 19. Rg3 Rd4 20. Qe3 Red8 21. Re1 Bh4 22. Rg4 Be7 23. Qh3 Kh8 24. Re3 Rg8 25. Reg3 Rdd8 26. Bc2 Qa5 27. Qh5 Rdf8 28. Rg6 Qc7 29. Ne3 Qd7 30. Ng4 Qe8 31. Nxh6 fxg6 32. Nf7+ Qxf7 33. Qxh7+ 1-0

[Event "Lakitelek Magyarok op"]
[Site "Lakitelek"]
[Date "2011.08.08"]
[Round "3"]
[White "Kormanyos, Akos"]
[Black "Takacs, Emeric"]
[Result "0-1"]
[WhiteElo "1687"]
[BlackElo "1853"]
[PlyCount "130"]
[EventDate "2011.08.06"]
[EventType "swiss"]
[EventRounds "9"]
[EventCountry "HUN"]
[SourceTitle "CBM 144 Extra"]
[Source "ChessBase"]
[SourceDate "2011.10.28"]
[SourceVersion "1"]
[SourceVersionDate "2011.10.28"]
[SourceQuality "1"]

1. e4 c6 2. d4 d5 3. exd5 cxd5 4. Nc3 Nf6 5. Bf4 Bf5 6. Bd3 Bxd3 7. Qxd3 a6 8. 0-0-0 e6 9. Nf3 Bd6 10. Bg5 Nc6 11. Rde1 Be7 12. Kb1 b5 13. h3 Rc8 14. Ne5 Nb4 15. Qd2 Nxc2 16. Qxc2 0-0 17. Qe2 b4 18. Na4 Ne4 19. Bxe7 Qxe7 20. Rc1 Qb7 21. Qe3 Qb5 22. b3 f6 23. Nf3 a5 24. Nd2 Nc3+ 25. Nxc3 bxc3 26. Rxc3 Rxc3 27. Qxc3 a4 28. Qe3 axb3 29. axb3 Ra8 30. Qxe6+ Kh8 31. Rc1 Qd3+ 32. Rc2 h6 33. Qe3 Qa6 34. Qc3 Qe2 35. Qe3 Qa6 36. Kc1 Qa3+ 37. Kd1 Qa1+ 38. Rc1 Qa6 39. Qg3 Re8 40. Qf3 Qe6 41. Qe3 Qd7 42. Rc7 Qb5 43. Re7 Ra8 44. Rc7 Re8 45. Qf3 Qa5 46. Qg3 Qa1+ 47. Kc2 Qa2+ 48. Kc3 Qa1+ 49. Kd3 Qa6+ 50. Nc4 dxc4+ 51. Rxc4 Qa2 52. Kc3 Qa1+ 53. Kb4 Ra8 54. Rc5 Qxd4+ 55. Kb5 Qd7+ 56. Kb4 Qd4+ 57. Rc4 Qa1 58. Kc5 Qa7+ 59. Kd5 Rd8+ 60. Ke4 Qb7+ 61. Kf4 Qb8+ 62. Kf3 Rd3+ 63. Kg4 Rxg3+ 64. fxg3 Qxb3 65. Rd4 Qb2 0-1

[Event "Lakitelek Magyarok op"]
[Site "Lakitelek"]
[Date "2011.08.07"]
[Round "2"]
[White "Takacs, Emeric"]
[Black "Kecskemeti, Krisztina"]
[Result "1/2-1/2"]
[WhiteElo "1853"]
[BlackElo "1665"]
[PlyCount "86"]
[EventDate "2011.08.06"]
[EventType "swiss"]
[EventRounds "9"]
[EventCountry "HUN"]
[SourceTitle "CBM 144 Extra"]
[Source "ChessBase"]
[SourceDate "2011.10.28"]
[SourceVersion "1"]
[SourceVersionDate "2011.10.28"]
[SourceQuality "1"]

1. Nf3 d5 2. b3 Nf6 3. Bb2 e6 4. e3 b6 5. Bb5+ c6 6. Be2 Be7 7. c4 Bb7 8. cxd5 Qxd5 9. Nc3 Qd8 10. 0-0 0-0 11. d4 c5 12. dxc5 Bxc5 13. Qc2 Nbd7 14. Rfd1 Qe7 15. a3 Rac8 16. Qd2 Qd8 17. b4 Be7 18. h3 Qc7 19. Rac1 Qb8 20. Qd3 Rfd8 21. Qb1 Nd5 22. Nxd5 Bxd5 23. Rxc8 Qxc8 24. e4 Bb7 25. Bb5 a6 26. Rc1 Qa8 27. Bd3 Rc8 28. Rd1 Nf6 29. Nd2 h6 30. Nc4 Rxc4 31. Bxc4 Bxe4 32. Qc1 Bxg2 33. Bf1 Bxf1 34. Rxf1 Nd5 35. Bd4 Bd6 36. f4 a5 37. b5 Qb8 38. Be5 Bxe5 39. fxe5 Qxe5 40. Qc8+ Kh7 41. Qc2+ Kg8 42. Qc8+ Kh7 43. Qc2+ g6 1/2-1/2